00386 a2200145 4500001000700000020001800007040002200025041001600047082001900063100004900082245005600131260003200187300000800219362001300227130968 a85-262-2946-X cLeonardo Da Vinci aPortuguês a910 S48gbS48g aSENE, Eustáquio deaMOREIRA, João Carlos aGeografiabespaço geográfico e globalização bScipionec1998aSão Paulo a503 a19980000